អធិប្បាយទស្សនៈវិជ្ជា (Record no. 8421)

000 -LEADER
fixed length control field 00277nam a22001097a 4500
040 ## - CATALOGING SOURCE
Transcribing agency SK
082 ## - DEWEY DECIMAL CLASSIFICATION NUMBER
Classification number 338
100 ## - MAIN ENTRY--AUTHOR NAME
Personal name សរ សារុន
245 ## - TITLE STATEMENT
Title អធិប្បាយទស្សនៈវិជ្ជា
260 ## - PUBLICATION, DISTRIBUTION, ETC. (IMPRINT)
Place of publication RUA
Name of publisher សរ សារុន
Year of publication 1974
942 ## - ADDED ENTRY ELEMENTS (KOHA)
Koha item type សៀវភៅភាសាខ្មែរ
952 ## - LOCATION AND ITEM INFORMATION (KOHA)
Withdrawn status [LOCAL, KOHA] 0
952 ## - LOCATION AND ITEM INFORMATION (KOHA)
Withdrawn status [LOCAL, KOHA] 0
952 ## - LOCATION AND ITEM INFORMATION (KOHA)
Withdrawn status [LOCAL, KOHA] 0
952 ## - LOCATION AND ITEM INFORMATION (KOHA)
Withdrawn status [LOCAL, KOHA] 0
952 ## - LOCATION AND ITEM INFORMATION (KOHA)
Withdrawn status [LOCAL, KOHA] 0
952 ## - LOCATION AND ITEM INFORMATION (KOHA)
Withdrawn status [LOCAL, KOHA] 0
952 ## - LOCATION AND ITEM INFORMATION (KOHA)
Withdrawn status [LOCAL, KOHA] 0
952 ## - LOCATION AND ITEM INFORMATION (KOHA)
Withdrawn status [LOCAL, KOHA] 0
952 ## - LOCATION AND ITEM INFORMATION (KOHA)
Withdrawn status [LOCAL, KOHA] 0
952 ## - LOCATION AND ITEM INFORMATION (KOHA)
Withdrawn status [LOCAL, KOHA] 0
Holdings
Permanent Location Date acquired Koha item type Lost status Shelving location Barcode Current Location Full call number
Library Block C2016-07-27សៀវភៅភាសាខ្មែរ C197RUA034821Library Block C338 សរ 1974 C197
Library Block C2016-07-27សៀវភៅភាសាខ្មែរ C072RUA034830Library Block C338 សរ 1974 C072
Library Block C2016-07-27សៀវភៅភាសាខ្មែរ C197RUA036497Library Block C338 សរ 1974 C197
Library Block C2016-07-27សៀវភៅភាសាខ្មែរ C197RUA036617Library Block C338 សរ 1974 C197
Library Block C2016-07-27សៀវភៅភាសាខ្មែរ C197RUA036326Library Block C338 សរ 1974 C197
Library Block C2016-07-27សៀវភៅភាសាខ្មែរ C197RUA034938Library Block C338 សរ 1974`C197
Library Block C2016-07-27សៀវភៅភាសាខ្មែរ C197RUA034878Library Block C338 សរ 1974 C197
Library Block C2016-07-27សៀវភៅភាសាខ្មែរ C072RUA035345Library Block C338 សរ 1974 C072
Library Block C2016-07-27សៀវភៅភាសាខ្មែរ C197RUA035405Library Block C338 សរ 1974 C197
Library Block C2016-07-27សៀវភៅភាសាខ្មែរ C197RUA034889Library Block C338 សរ 1974 C197
មជ្ឈមណ្ឌលឯការនៃសាកលវិទ្យាល័យភូមិន្ទកសិកម្មចំការដូង

Powered by Koha